| 000 | 01228cam a22003617a 4500 | ||
|---|---|---|---|
| 003 | CO-BoRNBP | ||
| 005 | 20230518212715.0 | ||
| 007 | ta | ||
| 008 | 030113s2004 ck 000 0 spa | ||
| 020 | _a9588160820 | ||
| 040 |
_aCO-BoRNBP _bspa _erda _cCO-BoRNBP |
||
| 041 | _aspa | ||
| 084 | _aN ROMR1 | ||
| 100 | 1 | 0 |
_aRomero, Armando, _d1944- _92140 |
| 245 | 1 | 3 |
_aLa rueda de Chicago _cArmando Romero ; editores Benjamín Villegas, María Villegas |
| 250 | _a1a. edición | ||
| 264 |
_aBogotá _bVillegas Editores _c2004 |
||
| 300 |
_a424 páginas _c22 cm. |
||
| 336 |
_atexto _btxt _2rdacontent |
||
| 337 |
_asin mediación _bn _2rdamedia |
||
| 338 |
_avolumen _bnc _2rdacarrier |
||
| 490 | 0 | _aColección dorada interés general | |
| 490 | 0 | _aVillegas. Novela | |
| 500 | _aDonación Villegas Editores | ||
| 500 | _aIncluye datos biográficos del autor | ||
| 650 | 1 | 4 |
_2LEMB _aNovela colombiana _ySiglo XX _9426 |
| 650 | 1 | 4 |
_2LEMB _aLiteratura colombiana _ySiglo XX _9427 |
| 650 | 1 | 4 |
_2LEMB _aLatinoamericanos en Estados Unidos _vNovela _92141 |
| 650 | 1 | 4 |
_2LEMB _aNovela amorosa colombiana _92106 |
| 700 | 1 | 0 |
_aVillegas, Benjamín, _d1948- _eeditor _9597 |
| 700 | 1 | 0 |
_aVillegas, María, _d1976- _eeditor _92142 |
| 942 | _cBKLIT | ||
| 999 |
_c9576 _d9576 |
||